000
00321nam a2200145Ia 4500
999
_c
10537
_d
10537
003
OSt
005
20220330125031.0
008
220318s9999 xx 000 0 und d
020
_a
9789881964533
082
_a
721
100
_a
TANG ART
245
0
_a
Architectural innovation manual
260
_a
TANG ART
942
_2
ddc